000 00517nam a2200181 4500
003 SEACOMEC
005 20240822131420.0
008 240822b |||||||| |||| 00| 0 eng d
020 _a978-1590597613
_c449.00
040 _aSEACOMEC
082 _a004.34
_bB135
100 _aBruggeman , Nikander
245 _aPro SharePoint 2003 Development Techniques
_c/ Nikander Bruggeman and Margriet Bruggeman
260 _aNew Delhi
_bSpringer
_c2007
300 _axvii, 395 p
650 _aCOMPUTER SCIENCE
942 _cBOOK
999 _c1618
_d1618